[Event "45th Rilton Cup 2015-16"]
[Site "Stockholm SWE"]
[Date "2015.12.30"]
[Round "4.1"]
[White "Hillarp Persson, Tiger"]
[Black "Hammer, Jon Ludvig"]
[Result "0-1"]
[WhiteTitle "GM"]
[BlackTitle "GM"]
[WhiteElo "2521"]
[BlackElo "2695"]
[WhiteFideId "1700812"]
[BlackFideId "1503707"]
[EventDate "2015.12.27"]

1. d4 d5 2. c4 e6 3. Nc3 Nf6 4. cxd5 exd5 5. Bg5 c6 6. e3 h6 7. Bh4 Bf5 8. Qf3
Bh7 9. Bxf6 Qxf6 10. Qxf6 gxf6 11. Nf3 Nd7 12. Nh4 Be7 13. g3 Nb6 14. f3 Nc8 15.
Kf2 Nd6 16. Rc1 Kf8 17. Ng2 h5 18. h4 Re8 19. Nf4 Bf5 20. Be2 Bd7 21. Rhe1 Kg7
22. e4 Bd8 23. exd5 Bb6 24. dxc6 Bxd4+ 25. Kg2 Bxc6 26. Bd3 Re5 27. Rcd1 Kh6 28.
Ne4 Nf5 29. Nxf6 Rxe1 30. Rxe1 Nxh4+ 31. gxh4 Bxf6 32. Bc4 Rg8+ 33. Kf1 Rg3 34.
Bd5 Bxd5 35. Nxd5 Rxf3+ 36. Kg2 Bxh4 37. Re4 Rf2+ 38. Kh3 Bg5 39. Rb4 b6 0-1

[Event "45th Rilton Cup 2015-16"]
[Site "Stockholm SWE"]
[Date "2015.12.30"]
[Round "4.3"]
[White "Krasenkow, Michal"]
[Black "Tikkanen, Hans"]
[Result "1-0"]
[WhiteTitle "GM"]
[BlackTitle "GM"]
[WhiteElo "2610"]
[BlackElo "2515"]
[WhiteFideId "1113100"]
[BlackFideId "1706446"]
[EventDate "2015.12.27"]

1. Nf3 d5 2. c4 d4 3. b4 f6 4. e3 e5 5. Qa4+ Qd7 6. Qxd7+ Bxd7 7. a3 c5 8. bxc5
Nc6 9. Bb2 Bxc5 10. exd4 Nxd4 11. Nxd4 Bxd4 12. Bxd4 exd4 13. d3 b5 14. Nd2 Ne7
15. cxb5 Bxb5 16. Nb3 Rc8 17. Nxd4 Ba6 18. Be2 Kf7 19. Kd2 Rhd8 20. Nc2 Rc7 21.
Rhc1 Rcd7 22. Ne1 Nf5 23. Rab1 Nd6 24. Rc6 Nc4+ 25. Kd1 Rd6 26. Rc7+ Kg6 27.
Rxa7 Ne5 28. Rb3 Bxd3 29. Nxd3 Nxd3 30. Rxd3 Rxd3+ 31. Bxd3+ Rxd3+ 32. Kc2 Rd5
33. a4 Rg5 34. g3 Rh5 35. h4 Re5 36. Rd7 h5 37. Kc3 Re1 38. a5 Ra1 39. Kb4 Rb1+
40. Kc5 Rb2 41. a6 Rxf2 42. a7 Ra2 43. Kb6 1-0

[Event "45th Rilton Cup 2015-16"]
[Site "Stockholm SWE"]
[Date "2015.12.30"]
[Round "4.4"]
[White "Cramling, Pia"]
[Black "Alekseev, Evgeny"]
[Result "1/2-1/2"]
[WhiteTitle "GM"]
[BlackTitle "GM"]
[WhiteElo "2523"]
[BlackElo "2642"]
[WhiteFideId "1700030"]
[BlackFideId "4138147"]
[EventDate "2015.12.27"]

1. Nf3 d5 2. d4 Nf6 3. c4 e6 4. Nc3 Bb4 5. Bg5 Nbd7 6. cxd5 exd5 7. e3 c5 8.
dxc5 Qa5 9. Rc1 Bxc3+ 10. bxc3 O-O 11. Nd4 Ne4 12. Bf4 Re8 13. Be2 Qxc5 14. O-O
Nb6 15. Bd3 Nc4 16. Qh5 Bd7 17. Nb3 Qc6 18. Nd4 Qc5 19. Nb3 Qc6 20. Nd4 1/2-1/2

[Event "45th Rilton Cup 2015-16"]
[Site "Stockholm SWE"]
[Date "2015.12.30"]
[Round "4.5"]
[White "Poetsch, Hagen"]
[Black "Goganov, Aleksey"]
[Result "1-0"]
[WhiteTitle "IM"]
[BlackTitle "GM"]
[WhiteElo "2509"]
[BlackElo "2597"]
[WhiteFideId "24615137"]
[BlackFideId "24109959"]
[EventDate "2015.12.27"]

1. e4 c5 2. Nf3 Nc6 3. d4 cxd4 4. Nxd4 e6 5. Nc3 Qc7 6. Be3 a6 7. Qd2 Nf6 8. f4
Bb4 9. Bd3 Na5 10. a3 Bxc3 11. Qxc3 Qxc3+ 12. bxc3 d5 13. e5 Ne4 14. Nb3 Nc4 15.
Bxc4 dxc4 16. Na5 Bd7 17. Bd4 Rc8 18. Rb1 b5 19. Rd1 f5 20. exf6 gxf6 21. O-O
Rg8 22. Rfe1 f5 23. Be5 Ke7 24. Nb7 Bc6 25. Nd6 Rcd8 26. Nxe4 Bxe4 27. Rxd8 Rxd8
28. Re3 Rd1+ 29. Kf2 Rd2+ 30. Ke1 Rxg2 31. Rh3 Kd7 32. Rxh7+ Kc6 33. h4 Rh2 34.
h5 Bxc2 35. h6 Kb6 36. Bc7+ Kc6 37. Be5 Kb6 38. Bf6 a5 39. Bd8+ Ka6 40. Bg5 Be4
41. Rc7 Kb6 42. Bd8 Rh1+ 43. Kf2 b4 44. cxb4 Kb5 45. h7 axb4 46. a4+ Kxa4 47.
Bf6 c3 48. h8=Q Rxh8 49. Bxh8 Kb3 50. Ke3 Kc2 51. Rc4 Kb3 52. Rc8 Kc2 53. Bf6
Bd5 54. Rb8 Kd1 55. Rxb4 c2 56. Rd4+ Kc1 57. Rxd5 exd5 58. Bc3 1-0

[Event "45th Rilton Cup 2015-16"]
[Site "Stockholm SWE"]
[Date "2015.12.30"]
[Round "4.6"]
[White "Zumsande, Martin"]
[Black "Ivanov, Sergey"]
[Result "0-1"]
[WhiteTitle "IM"]
[BlackTitle "GM"]
[WhiteElo "2442"]
[BlackElo "2556"]
[WhiteFideId "4651324"]
[BlackFideId "4101375"]
[EventDate "2015.12.27"]

1. e4 e6 2. d4 d5 3. Nc3 Bb4 4. e5 c5 5. a3 Bxc3+ 6. bxc3 Ne7 7. h4 Qc7 8. Nf3
b6 9. h5 h6 10. Bb5+ Bd7 11. Bd3 Nbc6 12. O-O O-O 13. Re1 f5 14. exf6 Rxf6 15.
Ne5 Raf8 16. Qg4 c4 17. Bg6 Be8 18. Bxe8 Rxe8 19. Bf4 Qc8 20. Re2 Ref8 21. Bh2
Rf5 22. Rae1 Nxe5 23. Bxe5 Rg5 24. Qh3 Qd7 25. f4 Rgf5 26. Bxg7 Kxg7 27. Rxe6
Ng8 28. Rg6+ Kh7 29. Ree6 R5f6 30. f5 Rxf5 31. Qg3 Qf7 32. Rc6 Rxh5 33. Qe1 Qf4
34. Rg3 Qh4 35. Rc7+ Kh8 36. Rxg8+ Rxg8 0-1

[Event "45th Rilton Cup 2015-16"]
[Site "Stockholm SWE"]
[Date "2015.12.30"]
[Round "4.7"]
[White "Donchenko, Alexander"]
[Black "Kolosowski, Mateusz"]
[Result "1-0"]
[WhiteTitle "GM"]
[BlackTitle "IM"]
[WhiteElo "2588"]
[BlackElo "2423"]
[WhiteFideId "24603295"]
[BlackFideId "1129708"]
[EventDate "2015.12.27"]

1. c4 Nf6 2. g3 g6 3. Bg2 d5 4. cxd5 Nxd5 5. Nc3 Nb6 6. d3 Bg7 7. Be3 Nc6 8. Qd2
Nd4 9. Rc1 Nf5 10. Bc5 O-O 11. Nf3 c6 12. O-O Nd7 13. Ba3 Nd6 14. b3 Qa5 15. Bb2
Nb6 16. h3 Rd8 17. Rfd1 Be6 18. Qc2 Rac8 19. a3 c5 20. Nd2 Nf5 21. e3 Nd4 22.
exd4 cxd4 23. Nc4 Nxc4 24. dxc4 dxc3 25. Rxd8+ Rxd8 26. Bxc3 Bxc3 27. Qxc3 Qxa3
28. Bxb7 Bf5 29. Ra1 Qc5 30. b4 Qb6 31. Bg2 Rd3 32. Qe5 Be6 33. c5 Qxb4 34. Rxa7
Rd8 35. Rxe7 Qc4 36. c6 Kf8 37. Rb7 Qd4 38. c7 1-0

[Event "45th Rilton Cup 2015-16"]
[Site "Stockholm SWE"]
[Date "2015.12.30"]
[Round "4.8"]
[White "Sevian, Samuel"]
[Black "Nyysti, Sampsa"]
[Result "1/2-1/2"]
[WhiteTitle "GM"]
[BlackTitle "IM"]
[WhiteElo "2578"]
[BlackElo "2370"]
[WhiteFideId "2040506"]
[BlackFideId "502138"]
[EventDate "2015.12.27"]

1. e4 e5 2. Nf3 Nc6 3. Bb5 a6 4. Ba4 d6 5. c3 f5 6. exf5 Bxf5 7. O-O Bd3 8. Re1
Be7 9. Qb3 b5 10. Qd5 Qd7 11. Qxd3 bxa4 12. Qc2 Nf6 13. d3 O-O 14. Qxa4 Rae8 15.
Nbd2 d5 16. Nf1 Nd4 17. Qxd7 Nxf3+ 18. gxf3 Nxd7 19. Kg2 Bd6 20. c4 Nc5 21. cxd5
Nxd3 22. Re2 Nf4+ 23. Bxf4 exf4 24. Rae1 Rxe2 25. Rxe2 Rf5 26. Nd2 Rxd5 27. Nc4
Kf7 28. Re4 g5 29. a3 Be7 30. Ne5+ Kg7 31. Nc4 Kf7 32. h4 gxh4 33. Rxf4+ Kg7 34.
Re4 Kf7 35. Ne5+ Kf8 36. Rf4+ Ke8 37. Nc4 Bg5 38. Re4+ Kf7 39. f4 Bf6 40. Ne5+
Ke6 41. Ng4+ Kf7 42. Nxf6 Kxf6 43. Rc4 c5 44. Ra4 Rd6 45. Ra5 Rb6 46. Rxc5 Rxb2
47. Ra5 Rb3 48. f3 h5 49. a4 Ra3 50. Rxa6+ Kf5 51. Ra8 Kxf4 52. a5 Ra2+ 53. Kh3
Kxf3 54. a6 Ra1 55. Kxh4 Kf4 56. Kxh5 Kf5 57. Kh4 Kf4 58. Kh3 Kf3 59. Kh2 Ra2+
60. Kg1 Ra1+ 61. Kh2 Ra2+ 62. Kh3 Ra1 63. Kh4 Kf4 64. Kh5 Kf5 65. Kh6 Kf6 66.
Kh7 Rh1+ 67. Kg8 Rg1+ 68. Kf8 Rh1 69. Kg8 Rg1+ 70. Kf8 1/2-1/2

[Event "45th Rilton Cup 2015-16"]
[Site "Stockholm SWE"]
[Date "2015.12.30"]
[Round "4.9"]
[White "Meskovs, Nikita"]
[Black "Sagit, Rauan"]
[Result "1/2-1/2"]
[WhiteTitle "IM"]
[BlackTitle "FM"]
[WhiteElo "2511"]
[BlackElo "2375"]
[WhiteFideId "11602740"]
[BlackFideId "1708376"]
[EventDate "2015.12.27"]

1. e4 c5 2. Nf3 d6 3. Bb5+ Nd7 4. O-O a6 5. Bd3 Ngf6 6. Re1 e5 7. c3 Be7 8. Bc2
O-O 9. d4 h6 10. Nbd2 Qc7 11. a4 b6 12. Nf1 Re8 13. Ng3 Bf8 14. dxe5 Nxe5 15.
Nxe5 dxe5 16. c4 Bg4 17. f3 Be6 18. Qe2 b5 19. Bd3 Qd7 20. Be3 Red8 21. Red1
bxc4 22. Bxc4 Bxc4 23. Qxc4 Qxd1+ 24. Rxd1 Rxd1+ 25. Nf1 Rd7 26. Nd2 Rc7 27. Qc3
c4 28. Nxc4 Rac8 29. b3 Nd7 30. h3 Rb8 31. Qa5 Rcb7 32. Qxa6 Rxb3 33. Qc6 Rc3
34. a5 Bc5 35. Bxc5 Rxc4 36. Qxd7 Rxc5 37. Qd6 Rbc8 38. a6 R5c6 39. Qxe5 Rxa6
40. h4 Rg6 41. Qb2 Rgc6 42. Kh2 Rc2 43. Qb7 R8c6 44. Qb8+ Kh7 45. Qb3 Kg8 1/2-1/2

[Event "45th Rilton Cup 2015-16"]
[Site "Stockholm SWE"]
[Date "2015.12.30"]
[Round "4.10"]
[White "Westerberg, Jonathan"]
[Black "Hejazipour, Mitra"]
[Result "1/2-1/2"]
[WhiteTitle "IM"]
[BlackTitle "WGM"]
[WhiteElo "2497"]
[BlackElo "2357"]
[WhiteFideId "1701754"]
[BlackFideId "12505951"]
[EventDate "2015.12.27"]

1. e4 c5 2. Nf3 Nc6 3. c3 Nf6 4. e5 Nd5 5. d4 cxd4 6. Bc4 Nb6 7. Bb3 d6 8. exd6
Qxd6 9. O-O Be6 10. Na3 dxc3 11. Bxe6 Qxd1 12. Rxd1 fxe6 13. bxc3 h6 14. Nb5 Kf7
15. Nbd4 Nxd4 16. Ne5+ Ke8 17. cxd4 g5 18. h4 gxh4 19. Ng6 Rg8 20. Nf4 Kf7 21.
Re1 Nd5 22. Nxe6 Rg6 23. Nf4 Nxf4 24. Bxf4 Bg7 25. Rab1 b6 26. Re4 Bf6 27. Kh2
Rc8 28. Rb2 Rc4 29. Rd2 h5 30. f3 Rg8 31. Be5 Bg5 32. Rde2 e6 33. Bf4 Rc6 34.
Bxg5 Rxg5 35. Rxh4 Kf6 36. Rhe4 b5 37. Re5 Rf5 38. Kg3 b4 39. Rxf5+ Kxf5 40.
Re5+ Kg6 41. Ra5 Rd6 42. Rxa7 Rxd4 43. Ra6 Kf5 44. Ra5+ e5 45. Rb5 Rc4 46. Rb8
Kg5 47. Re8 Kf5 48. Rf8+ Kg5 49. Rb8 Kf5 50. Rg8 Rd4 51. Rf8+ Kg5 52. Rc8 Kf5
53. Rc5 Kf6 54. Rc2 Kf5 55. Kf2 h4 56. Ke3 Ke6 57. Rc5 Kf5 58. Rc8 Ke6 59. Rc6+
Kf5 60. Rb6 Rc4 61. Kf2 Rc2+ 62. Kg1 Rb2 63. Rb5 Kf4 64. Kh2 Kf5 65. Kh3 Kf4 66.
Rb8 Ke3 67. Ra8 Kf4 68. Rg8 Ke3 69. Ra8 Kf2 70. Kh2 Kf1 71. Rb8 Rxg2+ 72. Kh3
Rxa2 73. Rxb4 Kf2 74. f4 exf4 75. Rxf4+ Ke3 76. Rb4 Rf2 77. Kxh4 Rf4+ 78. Rxf4
Kxf4 1/2-1/2

[Event "45th Rilton Cup 2015-16"]
[Site "Stockholm SWE"]
[Date "2015.12.30"]
[Round "4.11"]
[White "Blomqvist, Erik"]
[Black "Koykka, Pekka"]
[Result "1-0"]
[WhiteTitle "GM"]
[BlackTitle "FM"]
[WhiteElo "2493"]
[BlackElo "2326"]
[WhiteFideId "1709437"]
[BlackFideId "504319"]
[EventDate "2015.12.27"]

1. e4 e6 2. d4 d5 3. Nc3 Bb4 4. Ne2 dxe4 5. a3 Be7 6. g4 e5 7. h3 h5 8. g5 exd4
9. Qxd4 Qxd4 10. Nxd4 Bd8 11. Nxe4 Ne7 12. Bd2 Nf5 13. Nxf5 Bxf5 14. Bg2 Nd7 15.
O-O-O h4 16. Rhe1 O-O 17. f4 Be7 18. Nc3 Rae8 19. Bxb7 Bc5 20. Bg2 Nb6 21. Nb5
Nc4 22. Nxc7 Rb8 23. b4 Bd6 24. Nd5 Rfc8 25. Be4 Bxh3 26. Rh1 Be6 27. Rxh4 Bxd5
28. Bxd5 Nxa3 29. Bb3 Nc4 30. g6 Be7 31. Rh3 Bf6 32. Rdh1 Kf8 33. Re1 Bb2+ 34.
Kd1 1-0

[Event "45th Rilton Cup 2015-16"]
[Site "Stockholm SWE"]
[Date "2015.12.30"]
[Round "4.12"]
[White "Miezis, Normunds"]
[Black "Cukrowski, Filip"]
[Result "1/2-1/2"]
[WhiteTitle "GM"]
[WhiteElo "2493"]
[BlackElo "2320"]
[WhiteFideId "11600136"]
[BlackFideId "1171097"]
[EventDate "2015.12.27"]

1. c4 Nf6 2. Nc3 c5 3. e4 Nc6 4. f4 d6 5. Nf3 g6 6. d3 Bg7 7. Be2 O-O 8. O-O a6
9. h3 Rb8 10. a4 Nd4 11. Nxd4 cxd4 12. Nd5 e6 13. Nxf6+ Qxf6 14. Bd2 Qd8 15. a5
f5 16. exf5 gxf5 17. Bf3 Bd7 18. Qb3 Bc6 19. Rae1 Qd7 20. Qa3 Kh8 21. Bb4 Rbd8
22. Re2 Rg8 23. Bxc6 bxc6 24. c5 dxc5 25. Bxc5 Qd5 26. b4 Bf6 27. Qa2 Qxa2 28.
Rxa2 Rg3 29. Re2 Re3 30. Rxe3 dxe3 31. Bxe3 Rxd3 32. Kf2 Kg8 33. Rc1 Rc3 34. Rd1
Be7 35. Rb1 Rc4 36. Bd2 Kf7 37. Ke2 e5 38. fxe5 Re4+ 39. Kd3 Rxe5 40. Bc3 Re6
41. Rf1 Kg6 42. Rf3 Bd6 43. Rf2 h5 44. Rc2 Be7 45. Bd2 Kf7 46. Rc4 Rg6 47. Be1
Ke8 48. Rf4 Rxg2 49. Rxf5 h4 50. Re5 Kd7 51. Re4 Rh2 52. Re3 Rg2 53. Re4 Rh2 54.
Re3 Rg2 55. Re4 1/2-1/2

[Event "45th Rilton Cup 2015-16"]
[Site "Stockholm SWE"]
[Date "2015.12.30"]
[Round "4.13"]
[White "Bellon Lopez, Juan Manuel"]
[Black "Andersen, Mads"]
[Result "0-1"]
[WhiteTitle "GM"]
[BlackTitle "IM"]
[WhiteElo "2376"]
[BlackElo "2474"]
[WhiteFideId "2200031"]
[BlackFideId "1413864"]
[EventDate "2015.12.27"]

1. d4 d5 2. Bf4 Nf6 3. e3 c5 4. c3 Nc6 5. Nf3 Qb6 6. Qb3 c4 7. Qxb6 axb6 8. Nbd2
b5 9. Be2 b4 10. O-O bxc3 11. bxc3 Ra3 12. Rfc1 h6 13. Bd1 e6 14. e4 dxe4 15.
Ne5 Nd5 16. Bg3 Nxe5 17. dxe5 Rxc3 18. Nxc4 Bd7 19. a4 Bb4 20. Nd6+ Bxd6 21.
exd6 Rxc1 22. Rxc1 Bc6 23. Rc4 Kd7 24. Rxe4 Nc3 25. Rd4 Ra8 26. h4 f6 27. h5
Rxa4 28. Rd3 Ra1 29. Rxc3 Rxd1+ 30. Kh2 Rd5 31. Ra3 Rxh5+ 32. Kg1 Rg5 33. Ra8 e5
34. Kh2 Kxd6 35. f4 Rh5+ 36. Kg1 exf4 0-1

[Event "45th Rilton Cup 2015-16"]
[Site "Stockholm SWE"]
[Date "2015.12.30"]
[Round "4.14"]
[White "Engqvist, Thomas"]
[Black "Salomon, Johan"]
[Result "0-1"]
[WhiteTitle "IM"]
[BlackTitle "IM"]
[WhiteElo "2358"]
[BlackElo "2438"]
[WhiteFideId "1700332"]
[BlackFideId "1509500"]
[EventDate "2015.12.27"]

1. c4 f5 2. Nf3 Nf6 3. g3 e6 4. Bg2 d5 5. O-O Bd6 6. Qc2 c6 7. d4 O-O 8. Nc3 Qe7
9. Bg5 h6 10. Bf4 Bxf4 11. gxf4 Bd7 12. e3 Be8 13. Ne5 Nbd7 14. Ne2 Nb6 15. a4
Bf7 16. c5 Nbd7 17. b4 Nxe5 18. fxe5 Ne4 19. f3 Ng5 20. b5 Be8 21. Rfb1 Nf7 22.
Nc3 f4 23. e4 Nxe5 24. exd5 cxd5 25. Re1 Ng6 26. Bh3 Nh4 27. Bxe6+ Qxe6 28. Rxe6
Nxf3+ 29. Kf2 Nxd4 30. Qd3 Nxe6 31. Qxd5 Bf7 32. Qe5 Rae8 33. Nd5 Kh8 34. Nc7
Re7 35. b6 axb6 36. cxb6 Rd8 37. Rg1 Rd2+ 38. Ke1 Nd4 39. Qxe7 Nf3+ 40. Kf1 Bc4+ 0-1

[Event "45th Rilton Cup 2015-16"]
[Site "Stockholm SWE"]
[Date "2015.12.30"]
[Round "4.15"]
[White "Semcesen, Daniel"]
[Black "Sadeh, Shahin"]
[Result "1-0"]
[WhiteTitle "GM"]
[BlackTitle "FM"]
[WhiteElo "2431"]
[BlackElo "2284"]
[WhiteFideId "1706993"]
[BlackFideId "12503924"]
[EventDate "2015.12.27"]

1. d4 g6 2. c4 Bg7 3. e4 d6 4. Nf3 e5 5. Bg5 f6 6. Be3 Nh6 7. h3 O-O 8. Nc3 Nc6
9. d5 Ne7 10. Qd2 Nf7 11. O-O-O f5 12. g3 h6 13. Bd3 a6 14. Kb1 c5 15. h4 b5 16.
h5 g5 17. exf5 bxc4 18. Be4 Bxf5 19. Qc2 Bxe4 20. Qxe4 Rb8 21. Rd2 Qa5 22. Rc1
Rb4 23. Ka1 Rfb8 24. g4 Qb6 25. Rcc2 a5 26. Ng1 a4 27. a3 Rb3 28. Nge2 Qa5 29.
f3 Kf8 30. Ng3 Ng8 31. Ka2 Qb6 32. Qxc4 e4 33. Nxa4 Qb7 34. Bxc5 dxc5 35. Qxc5+
Ne7 36. d6 Nc6 37. d7+ Ne7 38. Nxe4 Rxf3 39. Qc4 Rf4 40. Nac5 Qb6 41. Ne6+ Kg8
42. Nxf4 gxf4 43. Nd6 Nd5 44. Qxd5 1-0

[Event "45th Rilton Cup 2015-16"]
[Site "Stockholm SWE"]
[Date "2015.12.30"]
[Round "4.16"]
[White "Johansson, Linus"]
[Black "Ertan, Can"]
[Result "1-0"]
[WhiteTitle "IM"]
[BlackTitle "FM"]
[WhiteElo "2423"]
[BlackElo "2241"]
[WhiteFideId "1711113"]
[BlackFideId "6306330"]
[EventDate "2015.12.27"]

1. Nf3 Nf6 2. c4 e6 3. Nc3 d5 4. d4 dxc4 5. e3 c5 6. Bxc4 Nc6 7. O-O a6 8. a4
Qc7 9. Qe2 Bd7 10. d5 exd5 11. Nxd5 Nxd5 12. Bxd5 Be7 13. Bd2 Bf6 14. Bc3 Bxc3
15. bxc3 O-O 16. e4 Rab8 17. Rfb1 h6 18. h3 Rfe8 19. Qc4 Na5 20. Bxf7+ Kf8 21.
Qa2 Rxe4 22. Qc2 Bf5 23. Bd5 Re1+ 24. Nxe1 Bxc2 25. Nxc2 Nc6 26. c4 Nd4 27. Nxd4
cxd4 28. Ra3 Qe5 29. Rb6 Qe1+ 30. Kh2 Ke7 31. Rf3 Kd8 32. Re6 Qb4 33. Rf7 d3 34.
Rg6 Qxa4 35. Rgxg7 Qe8 36. Rf5 d2 37. Bf3 Qh8 38. Rff7 Qe8 39. Rf5 Qh8 40. Rff7
Qe8 41. Bg4 h5 42. Rd7+ Qxd7 43. Rxd7+ Ke8 44. Bf5 1-0

[Event "45th Rilton Cup 2015-16"]
[Site "Stockholm SWE"]
[Date "2015.12.30"]
[Round "4.17"]
[White "Radionov, Timur"]
[Black "Lindgren, Philip"]
[Result "0-1"]
[WhiteTitle "FM"]
[BlackTitle "FM"]
[WhiteElo "2321"]
[BlackElo "2418"]
[WhiteFideId "34178772"]
[BlackFideId "1713230"]
[EventDate "2015.12.27"]

1. e4 e5 2. Nf3 Nc6 3. d4 exd4 4. Bc4 Nf6 5. e5 Ng4 6. O-O Be7 7. Bf4 f6 8. exf6
Nxf6 9. Re1 d5 10. Bb5 Bg4 11. Qe2 Ne4 12. Nbd2 O-O 13. Bg3 Bb4 14. Nxe4 Bxe1
15. Rxe1 Re8 16. Qd2 dxe4 17. Bxc6 bxc6 18. Ne5 Bf5 19. Qf4 Bg6 20. Nxc6 Qd7 21.
Ne5 Qd6 22. h4 Qf6 23. Nxg6 Qxg6 24. h5 Qxh5 25. Rxe4 Rxe4 0-1

[Event "45th Rilton Cup 2015-16"]
[Site "Stockholm SWE"]
[Date "2015.12.30"]
[Round "4.18"]
[White "Schekachikhin, Maksim"]
[Black "Nilsen, Joachim Birger"]
[Result "1-0"]
[WhiteTitle "FM"]
[BlackTitle "FM"]
[WhiteElo "2321"]
[BlackElo "2382"]
[WhiteFideId "24177830"]
[BlackFideId "1506331"]
[EventDate "2015.12.27"]

1. d4 Nf6 2. c4 g6 3. Nc3 Bg7 4. Nf3 O-O 5. e4 d6 6. Be2 e5 7. O-O exd4 8. Nxd4
Re8 9. f3 c6 10. Kh1 Nbd7 11. Be3 a6 12. Nc2 Ne5 13. f4 Neg4 14. Bg1 h5 15. Bf3
Be6 16. Qd3 b5 17. cxb5 axb5 18. Rfd1 d5 19. e5 Nh7 20. Nd4 Bd7 21. e6 fxe6 22.
Qxg6 b4 23. Nce2 Nhf6 24. Ng3 h4 25. Nh5 Nxh5 26. Qxh5 Nh6 27. Bf2 Qf6 28. Bxh4
Qf7 29. Qg5 Rf8 30. g3 Rfc8 31. Bh5 Qf8 32. Re1 Qd6 33. f5 e5 34. f6 Qxf6 35.
Qxf6 Bxf6 36. Bxf6 exd4 37. Re7 Be8 38. Bxe8 Rxe8 39. Rg7+ Kf8 40. Rf1 Nf7 41.
Bxd4 Re7 42. Rh7 Ke8 43. Bc5 1-0

[Event "45th Rilton Cup 2015-16"]
[Site "Stockholm SWE"]
[Date "2015.12.30"]
[Round "4.19"]
[White "Mikalsen, Erlend"]
[Black "Martynov, Pavel2"]
[Result "1-0"]
[WhiteTitle "FM"]
[BlackTitle "FM"]
[WhiteElo "2313"]
[BlackElo "2380"]
[WhiteFideId "1507338"]
[BlackFideId "4122186"]
[EventDate "2015.12.27"]

1. e4 e6 2. d4 d5 3. Nc3 Bb4 4. e5 Ne7 5. a3 Bxc3+ 6. bxc3 b6 7. Bb5+ c6 8. Bd3
Ba6 9. a4 c5 10. dxc5 bxc5 11. Qg4 Qc7 12. Nf3 Bxd3 13. cxd3 Nd7 14. Bf4 Ng6 15.
O-O Nxf4 16. Qxf4 O-O 17. d4 Qa5 18. Qh4 Rfe8 19. Rfc1 c4 20. Ng5 h6 21. Nh3
Rab8 22. g4 Nf8 23. f4 Rb3 24. Qg3 Reb8 25. f5 Rb2 26. f6 Ng6 27. fxg7 Qd8 28.
g5 hxg5 29. Nxg5 Rd2 30. Rab1 Rb3 31. h4 Qb6 32. Qf3 Nxe5 33. Qh5 Kxg7 34. Rxb3
cxb3 35. Rf1 f5 36. Qh7+ Kf8 37. Qh8+ Ke7 38. Qg7+ Ke8 39. a5 Qb5 40. Qg8+ Kd7
41. Qxe6+ Kd8 42. Qxe5 1-0

[Event "45th Rilton Cup 2015-16"]
[Site "Stockholm SWE"]
[Date "2015.12.30"]
[Round "4.20"]
[White "Tari, Aryan"]
[Black "Thorn, Eric"]
[Result "1-0"]
[WhiteTitle "IM"]
[WhiteElo "2556"]
[BlackElo "2140"]
[WhiteFideId "1510045"]
[BlackFideId "1710729"]
[EventDate "2015.12.27"]

1. c4 Nf6 2. Nc3 g6 3. g3 Bg7 4. Bg2 O-O 5. d4 d6 6. Nf3 Nc6 7. O-O a6 8. Bf4
Re8 9. Qd2 Bg4 10. d5 Na5 11. b3 c5 12. h3 Bf5 13. Bh6 Bh8 14. Rae1 Ne4 15. Nxe4
Bxe4 16. Qf4 Bxf3 17. exf3 b5 18. h4 Qd7 19. Kh2 bxc4 20. Bh3 f5 21. Re6 cxb3
22. Bxf5 Rf8 23. Qg4 Rxf5 24. Rxg6+ Kf7 25. Rg7+ Kf6 26. Re1 bxa2 27. Re4 a1=Q
28. Qg5+ Rxg5 29. hxg5+ Kf5 30. g4# 1-0

[Event "45th Rilton Cup 2015-16"]
[Site "Stockholm SWE"]
[Date "2015.12.30"]
[Round "4.21"]
[White "Akesson, Ralf"]
[Black "Goluch, Piotr"]
[Result "1/2-1/2"]
[WhiteTitle "GM"]
[WhiteElo "2421"]
[BlackElo "2297"]
[WhiteFideId "1700120"]
[BlackFideId "1137840"]
[EventDate "2015.12.27"]

1. d4 Nf6 2. c4 d6 3. Nf3 g6 4. g3 Bg7 5. Bg2 O-O 6. O-O c5 7. Nc3 Nc6 8. d5 Na5
9. Nd2 Rb8 10. Qc2 a6 11. b3 b5 12. Bb2 e5 13. Rae1 Nh5 14. e3 f5 15. f4 e4 16.
Rb1 b4 17. Ne2 Bxb2 18. Rxb2 Nf6 19. Ra1 Nb7 20. a3 a5 21. h3 Bd7 22. Rba2 Qc7
23. Qb2 Rbe8 24. Kf2 h5 25. Rg1 Kf7 26. Bf1 Rh8 27. Ke1 h4 28. a4 hxg3 29. Rxg3
Rh4 30. Kd1 Reh8 31. Kc2 Qd8 32. Ra1 Nh5 33. Rg1 Qf6 34. Re1 Qxb2+ 35. Kxb2 Kf6
36. Ng3 Nxg3 37. Rxg3 Nd8 38. Bg2 Nf7 39. Rg1 g5 40. fxg5+ Nxg5 41. Rf1 R8h5 42.
Kc2 Ke5 43. Re1 Be8 44. Kc1 Bf7 45. Rf1 Kf6 46. Rxg5 Kxg5 47. Nxe4+ fxe4 48.
Rxf7 Rh7 49. Rf8 Rh8 50. Rf7 Kg6 51. Re7 Kf6 52. Re6+ Kf5 53. Kd2 Rg8 54. Bf1
Rg1 55. Ke2 Rxf1 56. Kxf1 Rxh3 57. Ke2 Rh2+ 58. Kd1 Kg4 59. Rxe4+ Kf3 60. Re6
Rb2 61. Rxd6 Rxb3 62. Re6 Rd3+ 63. Kc2 Ke2 64. d6 Rd2+ 1/2-1/2

[Event "45th Rilton Cup 2015-16"]
[Site "Stockholm SWE"]
[Date "2015.12.30"]
[Round "4.22"]
[White "Krupenski, Juri"]
[Black "Rydstrom, Tom"]
[Result "1/2-1/2"]
[WhiteTitle "FM"]
[BlackTitle "FM"]
[WhiteElo "2406"]
[BlackElo "2266"]
[WhiteFideId "4501101"]
[BlackFideId "1714830"]
[EventDate "2015.12.27"]

1. d4 Nf6 2. c4 e6 3. Nc3 Bb4 4. e3 O-O 5. Ne2 Re8 6. a3 Bf8 7. e4 d6 8. Ng3
Nbd7 9. Be2 c5 10. d5 exd5 11. exd5 g6 12. O-O Bg7 13. h3 a6 14. a4 b6 15. f4
Rb8 16. Bd3 Rb7 17. Kh1 Ra7 18. f5 Ne5 19. fxg6 fxg6 20. Bg5 Rf7 21. Nce4 Ref8
22. Qd2 Nxe4 23. Nxe4 Rxf1+ 24. Rxf1 Rxf1+ 25. Bxf1 Qf8 26. Be2 Bf5 27. Nc3 Bd7
28. Be3 Bf5 29. Nd1 Qe8 30. b3 Qd8 31. Nf2 Qc7 32. g4 Bc8 33. Ne4 a5 34. Bg5 Nf7
35. Bh4 Qd7 36. Qf4 Qe8 37. Bd3 Be5 38. Qe3 Bd7 39. Nf6+ Bxf6 40. Qxe8+ Bxe8 41.
Bxf6 Bd7 42. Kg2 g5 43. Kg3 Bc8 44. h4 h6 45. hxg5 hxg5 46. Bg6 Ne5 47. Bh5 Nf7
48. Bxf7+ Kxf7 49. Bd8 Bd7 50. Bxb6 Kf6 51. Bxa5 Ke5 52. Bd8 Kd4 53. a5 Bc8 54.
Bf6+ Kd3 55. Bxg5 Kc3 56. Bf6+ Kxb3 57. g5 Kxc4 58. a6 Bxa6 59. g6 Bb7 60. Kf4
Bxd5 61. Be7 1/2-1/2